000 00930nam a2200241Ia 4500
999 _c5098
_d5098
003 OSt
005 20200402213716.0
008 191128s2012 us a fr 000 0 spa d
040 _aCO-JMCR
_cCO-JMCR
041 0 _aus
082 0 4 _a320.011 /
_bB293g
_221
100 1 _aBarton, Dominic,
_eautor
_91822
245 1 0 _aGovernment designed for new times :
_ba global conversation /
_cDominic Barton
260 _a[Washington] :
_bMcKinsey and Company,
_c2012
300 _a112 páginas :
_bilustraciones a color ;
_c27 cm.
505 0 _aTransforming government -- Innovating government services -- Building new competencies -- Understanding government in new times
546 _aTexto en inglés
650 1 4 _aGobierno
_91823
650 1 4 _aCambio y paradigmas
_xgestión pública
_91824
650 1 4 _aSector público
_xgestión pública
_91825
650 1 4 _aEstrategias e innovaciones
_xgestión pública
_91826
942 _2ddc
_cBK